Gaitán (Registro nro. 318062)

Detalles MARC
000 -ENCABEZADO
Número de control [NR] 01047 a2200229 4500
005 - FECHA Y HORA DE LA ÚLTIMA TRANSACCIÓN
control field 20210205153751.0
008 - DE LONGITUD FIJA DE DATOS DE ELEMENTOS - INFORMACIÓN GENERAL
Elementos de longitud fija [NR] 120830s2008 ck |||g |||| 00| 0 spa d
020 ## - NUMERO INTERNACIONAL NORMALIZADO PARA LIBROS [R]
Número Internacional Normalizado del libro [NR] B07MXMY76P
040 ## - FUENTE DE CATALOGACION [NR]
Agencia de catalogación original [NR] CO-BoUCM
Idioma de catalogación [NR] spa
Quien Cataloga Deissy Garcia
Quien Clasifica Deissy Garcia
041 0# - CODIGO DE IDIOMA [R]
Código de idioma para texto/pista de sonido o título separado [R] Español
092 ## - SIGNATURA TOPOGRAFICA LOCAL
Número de clasificación local CD 0373
100 ## - ASIENTO PRINCIPAL--NOMBRE PERSONAL [NR]
Nombre personal [NR] Misi
ID Autoridad 101036
245 10 - MENCION DE TITULO [NR]
Título [NR] Gaitán
Parte restante del título [NR] el hombre a quien amé. El musical que partirá la historia en dos
Mención de responsabilidad, etc. [NR] Misi
260 ## - PUBLICACION, DISTRIBUCION, ETC. (PIE DE IMPRENTA) [R]
Lugar de publicación, distribución, etc. [R] Bogotá
Nombre del editor, distribuidor, etc. [R] Maria Isabel Murillo Samper
Fecha de publicación, distribución, etc. [R] 2008
300 ## - DESCRIPCION FISICA [R]
Extensión [R] 2 CD-ROM
505 ## - NOTA DE CONTENIDO CON FORMATO PREESTABLECIDO [R]
Mención de responsabilidad [R] Obertura -- 9 De Abril /Sin Ti -- Un Vestido Para Amparo -- El Club Unión -- Amarte -- Viva El Doctor Gaitán -- Morir Es Fácil Ya -- El Café -- Solo Tú -- Despedida -- Matrimonio -- Un Nuevo Día -- Aquí Estaré -- Es Colombia Quien Canta -- Papá Vendrá -- Marcha de Las Antorchas-Final.
600 #0 - ASIENTO SECUNDARIO DE MATERIA - NOMBRE PERSONAL [R]
9 (RLIN) 66330
Nombre personal [NR] Gaitán, Jorge Eliécer
Fechas asociadas con el nombre [NR] 1898-1948
Subdivisión general [R] Homenajes
650 ## - ASIENTO SECUNDARIO DE MATERIA - TERMINO TEMATICO [R]
Término temático o nombre geográfico como elemento de entrada [NR] Música colombiana
Subdivisión de forma [R] CD- ROM
9 (RLIN) 32543
650 ## - ASIENTO SECUNDARIO DE MATERIA - TERMINO TEMATICO [R]
Término temático o nombre geográfico como elemento de entrada [NR] Musicales
Subdivisión de forma [R] CD-ROM
Subdivisión geográfica [R] Colombia
9 (RLIN) 102241
650 ## - ASIENTO SECUNDARIO DE MATERIA - TERMINO TEMATICO [R]
Término temático o nombre geográfico como elemento de entrada [NR] Historia
Subdivisión geográfica [R] Colombia
9 (RLIN) 102242
942 ## - ELEMENTOS DE ENTRADA AGREGADOS (KOHA)
Koha item type Multimedia
Source of classification or shelving scheme LOCAL
Tema principal Arte
Existencias
Suprimido Perdido Sistema de clasificación Dañado No prestable Tipo de ítem específico Ubicación habitual Ubicación actual Localización Fecha de creación Proveedor Forma de adquisición Costo Signatura topográfica Código de barras Última vez visto Ejemplar Costo de reposición Price effective from Tipo de ítem
    DEWEY     CD-Rom Quinta de Mutis Quinta de Mutis Colección digital 06/10/2020 156 Compra 40000.00 CD 0373 DISCO1 100166717 12/12/2025 Ej.1 40000.00 06/10/2020 Multimedia
    DEWEY     CD-Rom Quinta de Mutis Quinta de Mutis Colección digital 06/10/2020 156 Compra 0.00 CD 0373 DISCO2 100166718 12/12/2025 Ej.1 0.00 06/10/2020 Multimedia